| 000 | 00668nam a22002172 4500 | ||
|---|---|---|---|
| 001 | 0000001116 | ||
| 005 | 20151217151806.0 | ||
| 008 | 070226s xx 000 0 eng d | ||
| 020 | _a0826450938 : | ||
| 040 |
_aKABU _cKABU |
||
| 050 | 0 |
_aBV4011 _b.P37 |
|
| 245 | 1 | 0 |
_aPastoral care and personal-social education : _bentitlement and provision / _cedited by Ron Best ... [et al.] |
| 260 |
_aLondon : _bContinuum, _c1996. |
||
| 300 | _axvi, 320 p. | ||
| 650 | 0 |
_aPastoral care. _@0000149651 |
|
| 650 | 0 |
_aPastoral theology. _@0000149539 |
|
| 700 | 1 |
_aBest, Ron. _@0000149652 |
|
| 908 | _a070226 | ||
| 950 | _@1 | ||
| 999 |
_c5094 _d5094 |
||